000 00701nam a2200253 i 4500
001 C2-0224377
003 PPAK
005 20180728152925.0
008 000412s1997 my a|||| ||||| | may d
020 _a983063406X
040 _aPPAK
_beng
_cPPAK
_erda
082 0 4 _a499.2386
_223
090 0 0 _a499.2386
_bANJ
_dK
245 0 0 _aAnjing dengan serigala
264 1 _aSeberang Prai Tengah :
_bRhythm ,
_c1997
300 _a16 pages :
_bcolour illustrations ;
_c21 cm
336 _2rdacontent
_atext
337 _2rdamedia
_aunmediated
338 _2rdacarrier
_avolume
490 1 _aSiri cerita popular
650 1 0 _aMalay language - Readers
830 0 _aSiri cerita popular
942 _ddc
_cB
999 _c145298
_d145298